[Event "Eurasia Open Cup 2019"]
[Site "Ekaterinburg"]
[Date "2019.07.31"]
[Round "1.9"]
[White "Sargsyan, Shant"]
[Black "Chekletsov, Egor"]
[Result "1-0"]
[WhiteElo "2529"]
[BlackElo "2088"]
[Annotator "ChessBase"]
[PlyCount "81"]
[EventDate "2019.07.31"]
[EventType "swiss"]
[EventCountry "RUS"]
[SourceTitle "playchess.com"]
[Source "ChessBase"]
[SourceQuality "1"]
[TimeControl "5400+30"]

1. d4 {[%emt 0:23:43]} Nf6 {[%emt 0:30:42]} 2. Nf3 {[%emt 0:00:14]} c5 {[%emt 0:03:51]} 3. d5 {[%emt 0:05:26]} g6 {[%emt 0:09:14]} 4. Nc3 {[%emt 0:02:13]} Bg7 {[%emt 0:07:40]} 5. e4 {[%emt 0:03:08]} d6 {[%emt 0:18:19]} 6. Bb5+ {[%emt 0:19:21]} Bd7 {[%emt 0:03:24]} 7. a4 {[%emt 0:00:31]} O-O {[%emt 0:00:25]} 8. O-O {[%emt 0:03:19]} Bg4 {[%emt 0:00:38]} 9. h3 {[%emt 0:09:52]} Bxf3 {[%emt 0:00:11]} 10. Qxf3 {[%emt 0:00:00]} a6 {[%emt 0:01:29]} 11. Be2 {[%emt 0:03:36]} Nbd7 {[%emt 0:04:07]} 12. Qf4 {[%emt 0:01:11]} Qc7 {[%emt 0:01:02]} 13. Qh4 {[%emt 0:01:10]} Rfc8 {[%emt 0:03:44]} 14. Bh6 {[%emt 0:03:12]} Bh8 {[%emt 0:00:30]} 15. a5 {[%emt 0:00:00]} Rcb8 {[%emt 0:02:42]} 16. Ra2 {[%emt 0:00:31]} b5 {[%emt 0:00:04]} 17. axb6 {[%emt 0:03:34]} Rxb6 {[%emt 0:00:10]} 18. Bd2 {[%emt 0:03:29]} c4 {[%emt 0:01:44]} 19. Rfa1 {[%emt 0:02:04]} Rab8 {[%emt 0:00:21]} 20. Bc1 {[%emt 0:00:00]} Nc5 {[%emt 0:00:21]} 21. Na4 {[%emt 0:01:42]} Nxa4 {[%emt 0:04:35]} 22. Rxa4 {[%emt 0:01:48]} c3 {[%emt 0:02:11]} 23. b3 {[%emt 0:00:09]} Rb4 {[%emt 0:00:01]} 24. Rxb4 {[%emt 0:00:42]} Rxb4 {[%emt 0:00:16]} 25. Bc4 {[%emt 0:00:17]} a5 {[%emt 0:01:32]} 26. Be3 {[%emt 0:02:04]} a4 {[%emt 0:00:18]} 27. f3 {[%emt 0:10:14]} axb3 {[%emt 0:03:59]} 28. cxb3 {[%emt 0:00:30]} h5 {[%emt 0:00:30]} 29. Bd4 {[%emt 0:00:30]} Rxc4 {[%emt 0:00:30]} 30. bxc4 {[%emt 0:00:30]} Qxc4 {[%emt 0:00:30]} 31. Qf2 {[%emt 0:00:30]} c2 {[%emt 0:00:30]} 32. Qd2 {[%emt 0:00:30]} Kh7 {[%emt 0:00:30]} 33. Bxf6 {[%emt 0:00:30]} Bxf6 {[%emt 0:00:30]} 34. Rc1 {[%emt 0:00:30]} Bd4+ {[%emt 0:00:30]} 35. Kh1 {[%emt 0:00:30]} Be5 {[%emt 0:00:30]} 36. f4 {[%emt 0:00:30]} Bg7 {[%emt 0:00:30]} 37. Qxc2 {[%emt 0:00:30]} Qd4 {[%emt 0:00:30]} 38. Qe2 {[%emt 0:00:30]} Bh6 {[%emt 0:00:30]} 39. Rf1 {[%emt 0:00:30]} h4 {[%emt 0:00:30]} 40. Qe1 {[%emt 0:00:30]} Qf6 {[%emt 0:00:30]} 41. e5 {[%emt 0:00:30]} 1-0

[Event "Eurasia Open Cup 2019"]
[Site "Ekaterinburg"]
[Date "2019.07.31"]
[Round "1.10"]
[White "Bogachkova, Alena"]
[Black "Kunin, Vitaly"]
[Result "0-1"]
[WhiteElo "2085"]
[BlackElo "2527"]
[Annotator "ChessBase"]
[PlyCount "66"]
[EventDate "2019.07.31"]
[EventType "swiss"]
[EventCountry "RUS"]
[SourceTitle "playchess.com"]
[Source "ChessBase"]
[SourceQuality "1"]
[TimeControl "5400+30"]

1. e4 {[%emt 0:41:50]} d6 {[%emt 0:13:51]} 2. d4 {[%emt 0:04:00]} Nf6 {[%emt 0:22:54]} 3. Nc3 {[%emt 0:14:46]} Nbd7 {[%emt 0:01:47]} 4. Nf3 {[%emt 0:04:37]} e5 {[%emt 0:22:39]} 5. g3 {[%emt 0:03:47]} c6 {[%emt 0:00:09]} 6. a4 {[%emt 0:02:37]} Be7 {[%emt 0:11:53]} 7. Bg2 {[%emt 0:00:19]} O-O {[%emt 0:00:35]} 8. h3 {[%emt 0:04:35]} d5 {[%emt 0:00:44]} 9. Nxe5 {[%emt 0:00:51]} Nxe4 {[%emt 0:00:07]} 10. Nxe4 {[%emt 0:04:25]} dxe4 {[%emt 0:01:32]} 11. Nxd7 {[%emt 0:00:59]} Bxd7 {[%emt 0:02:49]} 12. Bxe4 {[%emt 0:00:03]} Bb4+ {[%emt 0:02:40]} 13. Kf1 {[%emt 0:00:05]} Re8 {[%emt 0:00:10]} 14. Qd3 {[%emt 0:00:04]} g6 {[%emt 0:00:07]} 15. c3 {[%emt 0:13:02]} Bd6 {[%emt 0:00:57]} 16. Bd2 {[%emt 0:00:03]} Be6 {[%emt 0:01:04]} 17. Kg2 {[%emt 0:01:03]} Qd7 {[%emt 0:05:13]} 18. h4 {[%emt 0:00:26]} f5 {[%emt 0:02:04]} 19. Bf3 {[%emt 0:00:27]} Qf7 {[%emt 0:00:00]} 20. h5 {[%emt 0:00:19]} Bc4 {[%emt 0:00:00]} 21. hxg6 {[%emt 0:01:03]} hxg6 {[%emt 0:00:10]} 22. Qb1 {[%emt 0:01:39]} Be2 {[%emt 0:09:35]} 23. Qa2 {[%emt 0:00:30]} Bc4 {[%emt 0:00:30]} 24. Qb1 {[%emt 0:00:30]} Be2 {[%emt 0:00:30]} 25. Qa2 {[%emt 0:00:30]} Bxf3+ {[%emt 0:00:30]} 26. Kxf3 {[%emt 0:00:30]} Re6 {[%emt 0:00:30]} 27. Bf4 {[%emt 0:00:30]} Bxf4 {[%emt 0:00:30]} 28. gxf4 {[%emt 0:00:30]} Rae8 {[%emt 0:00:30]} 29. Qa3 {[%emt 0:00:30]} Kg7 {[%emt 0:00:30]} 30. Rh4 {[%emt 0:00:30]} Re1 {[%emt 0:00:30]} 31. Rxe1 {[%emt 0:00:30]} Qd5+ {[%emt 0:00:30]} 32. Kg3 {[%emt 0:00:30]} Rxe1 {[%emt 0:00:30]} 33. Rh2 {[%emt 0:00:30]} Rg1+ {[%emt 0:00:30]} 0-1

[Event "Eurasia Open Cup 2019"]
[Site "Ekaterinburg"]
[Date "2019.07.31"]
[Round "1.11"]
[White "Moiseenko, Vadim"]
[Black "Zharkov, Nikolay"]
[Result "1-0"]
[WhiteElo "2523"]
[BlackElo "2067"]
[Annotator "ChessBase"]
[PlyCount "105"]
[EventDate "2019.07.31"]
[EventType "swiss"]
[EventCountry "RUS"]
[SourceTitle "playchess.com"]
[Source "ChessBase"]
[SourceQuality "1"]
[TimeControl "5400+30"]

1. e4 {[%emt 0:34:12]} c5 {[%emt 0:22:50]} 2. Nf3 {[%emt 0:09:06]} d6 {[%emt 0:01:00]} 3. d4 {[%emt 0:01:06]} Nf6 {[%emt 0:02:34]} 4. Nc3 {[%emt 0:00:53]} cxd4 {[%emt 0:04:39]} 5. Nxd4 {[%emt 0:07:55]} a6 {[%emt 0:05:07]} 6. Be3 {[%emt 0:00:07]} e5 {[%emt 0:00:28]} 7. Nf3 {[%emt 0:00:14]} Be7 {[%emt 0:00:06]} 8. Bc4 {[%emt 0:00:38]} Be6 {[%emt 0:00:39]} 9. Bb3 {[%emt 0:00:05]} Nbd7 {[%emt 0:01:04]} 10. O-O {[%emt 0:00:46]} Rc8 {[%emt 0:00:04]} 11. Qe2 {[%emt 0:02:54]} Nc5 {[%emt 0:00:50]} 12. Bxe6 {[%emt 0:00:35]} Nxe6 {[%emt 0:00:08]} 13. Rfd1 {[%emt 0:02:15]} Qc7 {[%emt 0:00:36]} 14. Bg5 {[%emt 0:01:58]} Nxg5 {[%emt 0:00:44]} 15. Nxg5 {[%emt 0:06:33]} O-O {[%emt 0:02:34]} 16. a4 {[%emt 0:00:35]} Qb6 {[%emt 0:00:36]} 17. Ra3 {[%emt 0:00:00]} Rc5 {[%emt 0:00:19]} 18. Rb3 {[%emt 0:00:15]} Qc7 {[%emt 0:00:12]} 19. Rd3 {[%emt 0:00:00]} h6 {[%emt 0:00:03]} 20. Nf3 {[%emt 0:00:11]} Rd8 {[%emt 0:00:45]} 21. Nh4 {[%emt 0:00:00]} g6 {[%emt 0:00:08]} 22. Qe3 {[%emt 0:00:32]} Bf8 {[%emt 0:00:07]} 23. Qf3 {[%emt 0:00:59]} Bg7 {[%emt 0:00:59]} 24. g3 {[%emt 0:02:32]} Rc4 {[%emt 0:00:07]} 25. Ng2 {[%emt 0:00:06]} d5 {[%emt 0:02:43]} 26. Nxd5 {[%emt 0:05:08]} Rxd5 {[%emt 0:00:16]} 27. Rxd5 {[%emt 0:00:40]} Nxd5 {[%emt 0:00:11]} 28. exd5 {[%emt 0:00:22]} Rxa4 {[%emt 0:00:03]} 29. Ne3 {[%emt 0:00:24]} e4 {[%emt 0:00:03]} 30. Qf4 {[%emt 0:01:47]} Qxf4 {[%emt 0:00:05]} 31. gxf4 {[%emt 0:00:02]} b5 {[%emt 0:00:04]} 32. c4 {[%emt 0:00:18]} b4 {[%emt 0:00:07]} 33. c5 {[%emt 0:00:19]} Bf8 {[%emt 0:00:13]} 34. d6 {[%emt 0:23:33]} Ra5 {[%emt 0:56:36]} 35. d7 {[%emt 0:00:30]} Be7 {[%emt 0:00:30]} 36. Rxb4 {[%emt 0:00:30]} Rxc5 {[%emt 0:00:30]} 37. Rb8+ {[%emt 0:00:30]} Kg7 {[%emt 0:00:30]} 38. d8=Q {[%emt 0:00:30]} Bxd8 {[%emt 0:00:30]} 39. Rxd8 {[%emt 0:00:30]} Rb5 {[%emt 0:00:30]} 40. Rd2 {[%emt 0:00:30]} g5 {[%emt 0:00:30]} 41. f5 {[%emt 0:00:30]} h5 {[%emt 0:00:30]} 42. Kg2 {[%emt 0:00:30]} Rb3 {[%emt 0:00:30]} 43. Kg3 {[%emt 0:00:30]} a5 {[%emt 0:00:30]} 44. h4 {[%emt 0:00:30]} f6 {[%emt 0:00:30]} 45. Kg2 {[%emt 0:00:30]} a4 {[%emt 0:00:30]} 46. Rd4 {[%emt 0:00:30]} Rxb2 {[%emt 0:00:30]} 47. Rxa4 {[%emt 0:00:30]} gxh4 {[%emt 0:00:30]} 48. Rxe4 {[%emt 0:00:30]} h3+ {[%emt 0:00:30]} 49. Kg3 {[%emt 0:00:30]} h2 {[%emt 0:00:30]} 50. Rh4 {[%emt 0:00:30]} Kh6 {[%emt 0:00:30]} 51. Rxh2 {[%emt 0:00:30]} Rb4 {[%emt 0:00:30]} 52. Rh4 {[%emt 0:00:30]} Rb8 {[%emt 0:00:30]} 53. Ng4+ {[%emt 0:00:30]} 1-0

[Event "Eurasia Open Cup 2019"]
[Site "Ekaterinburg"]
[Date "2019.07.31"]
[Round "1.12"]
[White "Abramov, Ilya"]
[Black "Khanin, Semen"]
[Result "1-0"]
[WhiteElo "2065"]
[BlackElo "2517"]
[Annotator "ChessBase"]
[PlyCount "97"]
[EventDate "2019.07.31"]
[EventType "swiss"]
[EventCountry "RUS"]
[SourceTitle "playchess.com"]
[Source "ChessBase"]
[SourceQuality "1"]
[TimeControl "5400+30"]

1. d4 {[%emt 0:17:24]} Nf6 {[%emt 0:51:32]} 2. c4 {[%emt 0:27:15]} e6 {[%emt 0:01:13]} 3. Nf3 {[%emt 0:03:31]} a6 {[%emt 0:09:43]} 4. Bg5 {[%emt 0:00:09]} d5 {[%emt 0:00:16]} 5. e3 {[%emt 0:02:44]} dxc4 {[%emt 0:00:33]} 6. Bxc4 {[%emt 0:00:13]} b5 {[%emt 0:04:06]} 7. Be2 {[%emt 0:21:45]} Bb7 {[%emt 0:02:13]} 8. O-O {[%emt 0:04:03]} Nbd7 {[%emt 0:04:21]} 9. a4 {[%emt 0:00:03]} c6 {[%emt 0:00:40]} 10. Nbd2 {[%emt 0:05:39]} Qb6 {[%emt 0:04:23]} 11. Qb3 {[%emt 0:03:00]} h6 {[%emt 0:02:01]} 12. Bh4 {[%emt 0:00:51]} Be7 {[%emt 0:01:07]} 13. Ne5 {[%emt 0:00:02]} Nxe5 {[%emt 0:00:00]} 14. dxe5 {[%emt 0:01:56]} Nd7 {[%emt 0:00:14]} 15. Bxe7 {[%emt 0:00:03]} Kxe7 {[%emt 0:00:11]} 16. Rac1 {[%emt 0:00:02]} Rhd8 {[%emt 0:02:56]} 17. f4 {[%emt 0:02:11]} Nc5 {[%emt 0:00:31]} 18. Qb4 {[%emt 0:00:11]} a5 {[%emt 0:01:28]} 19. Nc4 {[%emt 0:00:16]} axb4 {[%emt 0:01:10]} 20. Nxb6 {[%emt 0:00:12]} Nxa4 {[%emt 0:00:08]} 21. Nxa8 {[%emt 0:02:12]} Bxa8 {[%emt 0:01:00]} 22. Rfd1 {[%emt 0:00:33]} Bb7 {[%emt 0:01:28]} 23. Kf2 {[%emt 0:01:19]} b3 {[%emt 0:01:07]} 24. Rxd8 {[%emt 0:00:50]} Kxd8 {[%emt 0:02:39]} 25. Ke1 {[%emt 0:00:35]} b4 {[%emt 0:00:43]} 26. Kd2 {[%emt 0:00:13]} Kc7 {[%emt 0:00:22]} 27. Bd1 {[%emt 0:00:06]} Nxb2 {[%emt 0:00:29]} 28. Bxb3 {[%emt 0:00:07]} Ba6 {[%emt 0:00:54]} 29. Rb1 {[%emt 0:00:37]} Nd3 {[%emt 0:00:37]} 30. Bc2 {[%emt 0:00:00]} Nc5 {[%emt 0:00:23]} 31. Rxb4 {[%emt 0:02:07]} Bb5 {[%emt 0:00:39]} 32. Kc3 {[%emt 0:00:04]} g6 {[%emt 0:00:20]} 33. Rb1 {[%emt 0:00:33]} h5 {[%emt 0:00:48]} 34. Kd4 {[%emt 0:06:14]} Kb6 {[%emt 0:06:45]} 35. g3 {[%emt 0:00:30]} Na6 {[%emt 0:00:30]} 36. Bd3 {[%emt 0:00:30]} Nc5 {[%emt 0:00:30]} 37. Bc4 {[%emt 0:00:30]} Na6 {[%emt 0:00:30]} 38. e4 {[%emt 0:00:30]} Nc5 {[%emt 0:00:30]} 39. f5 {[%emt 0:00:30]} g5 {[%emt 0:00:30]} 40. h3 {[%emt 0:00:30]} h4 {[%emt 0:00:30]} 41. g4 {[%emt 0:00:30]} Na4 {[%emt 0:00:30]} 42. fxe6 {[%emt 0:00:30]} fxe6 {[%emt 0:00:30]} 43. Bxe6 {[%emt 0:00:30]} Kc7 {[%emt 0:00:30]} 44. Bc4 {[%emt 0:00:30]} c5+ {[%emt 0:00:30]} 45. Kd3 {[%emt 0:00:30]} Bc6 {[%emt 0:00:30]} 46. Bd5 {[%emt 0:00:30]} Bd7 {[%emt 0:00:30]} 47. Rb7+ {[%emt 0:00:30]} Kc8 {[%emt 0:00:30]} 48. Ra7 {[%emt 0:00:30]} Bb5+ {[%emt 0:00:30]} 49. Kc2 {[%emt 0:00:30]} 1-0

[Event "Eurasia Open Cup 2019"]
[Site "Ekaterinburg"]
[Date "2019.07.31"]
[Round "1.13"]
[White "Vokhidov, Shamsiddin"]
[Black "Lysenko, Maria"]
[Result "1-0"]
[WhiteElo "2515"]
[BlackElo "2064"]
[Annotator "ChessBase"]
[PlyCount "55"]
[EventDate "2019.07.31"]
[EventType "swiss"]
[EventCountry "RUS"]
[SourceTitle "playchess.com"]
[Source "ChessBase"]
[SourceQuality "1"]
[TimeControl "5400+30"]

1. e4 {[%emt 1:30:00]} c5 {[%emt 1:30:00]} 2. Nf3 {[%emt 0:00:30]} Nc6 {[%emt 0:00:30]} 3. Bb5 {[%emt 0:00:30]} g6 {[%emt 0:00:30]} 4. O-O {[%emt 0:00:30]} Bg7 {[%emt 0:00:30]} 5. Re1 {[%emt 0:00:30]} Nf6 {[%emt 0:00:30]} 6. e5 {[%emt 0:00:30]} Nd5 {[%emt 0:00:30]} 7. Nc3 {[%emt 0:00:30]} Nc7 {[%emt 0:00:30]} 8. Bxc6 {[%emt 0:00:30]} dxc6 {[%emt 0:00:30]} 9. Ne4 {[%emt 0:00:30]} Ne6 {[%emt 0:00:30]} 10. d3 {[%emt 0:00:30]} O-O {[%emt 0:00:30]} 11. Be3 {[%emt 0:00:30]} b6 {[%emt 0:00:30]} 12. Qd2 {[%emt 0:01:00]} f5 {[%emt 0:01:00]} 13. exf6 {[%emt 0:00:30]} exf6 {[%emt 0:00:30]} 14. Bh6 {[%emt 0:00:30]} Nd4 {[%emt 0:00:30]} 15. Nxd4 {[%emt 0:00:30]} cxd4 {[%emt 0:00:30]} 16. Bxg7 {[%emt 0:00:30]} Kxg7 {[%emt 0:00:30]} 17. Qf4 {[%emt 0:00:30]} Qd7 {[%emt 0:00:30]} 18. Nd6 {[%emt 0:00:30]} Rd8 {[%emt 0:00:30]} 19. Ne4 {[%emt 0:00:30]} Qf5 {[%emt 0:00:30]} 20. Qh4 {[%emt 0:00:30]} g5 {[%emt 0:00:30]} 21. Qh5 {[%emt 0:00:30]} Qg6 {[%emt 0:00:30]} 22. Qf3 {[%emt 0:00:30]} Qf5 {[%emt 0:00:30]} 23. Qe2 {[%emt 0:00:30]} Ba6 {[%emt 0:00:30]} 24. Ng3 {[%emt 0:00:30]} Qd7 {[%emt 0:00:30]} 25. Qf3 {[%emt 0:00:30]} Kf7 {[%emt 0:00:30]} 26. Nf5 {[%emt 0:00:30]} Re8 {[%emt 0:00:30]} 27. Qh3 {[%emt 0:00:30]} Kf8 {[%emt 0:00:30]} 28. Qh6+ {[%emt 0:00:30]} 1-0

[Event "Eurasia Open Cup 2019"]
[Site "Ekaterinburg"]
[Date "2019.07.31"]
[Round "1.14"]
[White "Gerasimov, Aleksander"]
[Black "Afanasiev, Nikita"]
[Result "0-1"]
[WhiteElo "2056"]
[BlackElo "2514"]
[Annotator "ChessBase"]
[PlyCount "28"]
[EventDate "2019.07.31"]
[EventType "swiss"]
[EventCountry "RUS"]
[SourceTitle "playchess.com"]
[Source "ChessBase"]
[SourceQuality "1"]
[TimeControl "5400+30"]

1. d4 {[%emt 0:45:06]} g6 {[%emt 0:26:58]} 2. c4 {[%emt 0:23:48]} Bg7 {[%emt 0:03:48]} 3. Nc3 {[%emt 0:01:41]} c5 {[%emt 0:00:10]} 4. d5 {[%emt 0:21:25]} Bxc3+ {[%emt 1:01:04]} 5. bxc3 {[%emt 0:00:30]} f5 {[%emt 0:00:30]} 6. Nf3 {[%emt 0:00:30]} Qa5 {[%emt 0:00:30]} 7. Qc2 {[%emt 0:00:30]} Nf6 {[%emt 0:00:30]} 8. e3 {[%emt 0:00:30]} d6 {[%emt 0:00:30]} 9. Be2 {[%emt 0:00:30]} Nfd7 {[%emt 0:00:30]} 10. O-O {[%emt 0:00:30]} Rg8 {[%emt 0:00:30]} 11. Nd2 {[%emt 0:00:30]} Nb6 {[%emt 0:00:30]} 12. a4 {[%emt 0:00:30]} e5 {[%emt 0:00:30]} 13. f3 {[%emt 0:00:30]} N6d7 {[%emt 0:00:30]} 14. Nb3 {[%emt 0:00:30]} Qd8 {[%emt 0:00:30]} 0-1

[Event "Eurasia Open Cup 2019"]
[Site "Ekaterinburg"]
[Date "2019.07.31"]
[Round "1.15"]
[White "Bocharov, Dmitry"]
[Black "Karpytchev, Vladimir"]
[Result "1-0"]
[WhiteElo "2506"]
[BlackElo "2043"]
[Annotator "ChessBase"]
[PlyCount "87"]
[EventDate "2019.07.31"]
[EventType "swiss"]
[EventCountry "RUS"]
[SourceTitle "playchess.com"]
[Source "ChessBase"]
[SourceQuality "1"]
[TimeControl "5400+30"]

1. Nf3 {[%emt 0:35:21]} Nf6 {[%emt 0:22:34]} 2. c4 {[%emt 0:05:45]} e6 {[%emt 0:02:22]} 3. Nc3 {[%emt 0:06:22]} d5 {[%emt 0:00:34]} 4. d4 {[%emt 0:00:38]} dxc4 {[%emt 0:02:17]} 5. Bg5 {[%emt 0:00:22]} Be7 {[%emt 0:00:10]} 6. e3 {[%emt 0:04:53]} O-O {[%emt 0:01:16]} 7. Bxc4 {[%emt 0:00:20]} a6 {[%emt 0:02:39]} 8. O-O {[%emt 0:00:13]} b5 {[%emt 0:00:44]} 9. Bd3 {[%emt 0:06:42]} Bb7 {[%emt 0:01:50]} 10. Bxf6 {[%emt 0:00:07]} Bxf6 {[%emt 0:00:31]} 11. Be4 {[%emt 0:00:04]} Bd5 {[%emt 0:00:05]} 12. Qc2 {[%emt 0:00:30]} g6 {[%emt 0:00:44]} 13. Bxd5 {[%emt 0:03:59]} exd5 {[%emt 0:01:22]} 14. Rac1 {[%emt 0:00:50]} Re8 {[%emt 0:00:49]} 15. Rfd1 {[%emt 0:02:40]} c6 {[%emt 0:02:16]} 16. Ne2 {[%emt 0:02:48]} Qd6 {[%emt 0:03:43]} 17. Nf4 {[%emt 0:00:00]} Rc8 {[%emt 0:00:12]} 18. Qc5 {[%emt 0:00:13]} Qd8 {[%emt 0:00:19]} 19. Nxd5 {[%emt 0:01:29]} Nd7 {[%emt 0:03:35]} 20. Nxf6+ {[%emt 0:00:35]} Qxf6 {[%emt 0:15:25]} 21. Qc3 {[%emt 0:07:56]} Qe6 {[%emt 0:07:03]} 22. Qa3 {[%emt 0:01:56]} Qd5 {[%emt 0:00:44]} 23. b4 {[%emt 0:07:28]} Nb6 {[%emt 0:01:24]} 24. Ne5 {[%emt 0:04:08]} f6 {[%emt 0:02:34]} 25. Rc5 {[%emt 0:07:11]} Qe6 {[%emt 0:27:18]} 26. Nd3 {[%emt 0:00:30]} a5 {[%emt 0:00:30]} 27. bxa5 {[%emt 0:00:30]} Nc4 {[%emt 0:00:30]} 28. Qb3 {[%emt 0:00:30]} Rxa5 {[%emt 0:00:30]} 29. d5 {[%emt 0:00:30]} Qd6 {[%emt 0:00:30]} 30. Rxc6 {[%emt 0:00:30]} Rxc6 {[%emt 0:00:30]} 31. dxc6 {[%emt 0:00:30]} Qxc6 {[%emt 0:00:30]} 32. Nb4 {[%emt 0:00:30]} Qe6 {[%emt 0:00:30]} 33. Nd5 {[%emt 0:00:30]} Kg7 {[%emt 0:00:30]} 34. h3 {[%emt 0:00:30]} Qe5 {[%emt 0:00:30]} 35. Nf4 {[%emt 0:00:30]} Qb2 {[%emt 0:00:30]} 36. Rd7+ {[%emt 0:00:30]} Kh6 {[%emt 0:00:30]} 37. Qxb2 {[%emt 0:00:30]} Nxb2 {[%emt 0:00:30]} 38. Nd5 {[%emt 0:00:30]} Ra6 {[%emt 0:00:30]} 39. Rb7 {[%emt 0:00:30]} Nd3 {[%emt 0:00:30]} 40. Rxb5 {[%emt 0:00:30]} f5 {[%emt 0:00:30]} 41. Rb3 {[%emt 0:00:30]} Nc1 {[%emt 0:00:30]} 42. Rb7 {[%emt 0:00:30]} Nxa2 {[%emt 0:00:30]} 43. f4 {[%emt 0:00:30]} Re6 {[%emt 0:00:30]} 44. g4 {[%emt 0:00:30]} 1-0

[Event "Eurasia Open Cup 2019"]
[Site "Ekaterinburg"]
[Date "2019.07.31"]
[Round "1.16"]
[White "Osipov, Igor"]
[Black "Burmakin, Vladimir"]
[Result "0-1"]
[WhiteElo "2030"]
[BlackElo "2506"]
[Annotator "ChessBase"]
[PlyCount "89"]
[EventDate "2019.07.31"]
[EventType "swiss"]
[EventCountry "RUS"]
[SourceTitle "playchess.com"]
[Source "ChessBase"]
[SourceQuality "1"]
[TimeControl "5400+30"]

1. d4 {[%emt 0:14:24]} Nf6 {[%emt 0:38:17]} 2. c4 {[%emt 0:11:33]} e6 {[%emt 0:03:10]} 3. Nc3 {[%emt 0:00:12]} d5 {[%emt 0:01:25]} 4. cxd5 {[%emt 0:00:20]} exd5 {[%emt 0:01:09]} 5. Bg5 {[%emt 0:00:15]} c6 {[%emt 0:00:46]} 6. e3 {[%emt 0:01:00]} Be7 {[%emt 0:01:38]} 7. Bd3 {[%emt 0:09:51]} Nbd7 {[%emt 0:03:45]} 8. Qc2 {[%emt 0:00:16]} Nf8 {[%emt 0:00:35]} 9. Nf3 {[%emt 0:00:55]} Ne6 {[%emt 0:00:41]} 10. Bh4 {[%emt 0:01:08]} g6 {[%emt 0:00:06]} 11. Ne2 {[%emt 0:02:15]} Ng7 {[%emt 0:05:14]} 12. Ng3 {[%emt 0:04:01]} Qa5+ {[%emt 0:00:34]} 13. Nd2 {[%emt 0:06:50]} Be6 {[%emt 0:00:56]} 14. O-O {[%emt 0:01:08]} Qd8 {[%emt 0:02:08]} 15. Nf3 {[%emt 0:01:41]} O-O {[%emt 0:01:19]} 16. Ne5 {[%emt 0:13:06]} Nfe8 {[%emt 0:00:57]} 17. Bxe7 {[%emt 0:00:15]} Qxe7 {[%emt 0:00:18]} 18. Rab1 {[%emt 0:00:03]} Nd6 {[%emt 0:00:09]} 19. b4 {[%emt 0:04:44]} Rfc8 {[%emt 0:00:36]} 20. Qa4 {[%emt 0:00:17]} Nc4 {[%emt 0:00:06]} 21. Nf3 {[%emt 0:00:43]} b5 {[%emt 0:01:06]} 22. Qd1 {[%emt 0:00:48]} a5 {[%emt 0:00:35]} 23. bxa5 {[%emt 0:00:14]} Rxa5 {[%emt 0:00:16]} 24. Ra1 {[%emt 0:05:32]} Rca8 {[%emt 0:01:40]} 25. Qc2 {[%emt 0:00:08]} Qa7 {[%emt 0:01:53]} 26. Bxc4 {[%emt 0:03:36]} bxc4 {[%emt 0:01:47]} 27. Rfb1 {[%emt 0:01:53]} Nf5 {[%emt 0:32:24]} 28. Rb2 {[%emt 0:16:52]} Nxg3 {[%emt 0:00:30]} 29. hxg3 {[%emt 0:00:30]} Bf5 {[%emt 0:00:30]} 30. Qc1 {[%emt 0:00:30]} Ra3 {[%emt 0:00:30]} 31. Ne5 {[%emt 0:00:30]} c3 {[%emt 0:00:30]} 32. Re2 {[%emt 0:00:30]} Qa6 {[%emt 0:00:30]} 33. Qe1 {[%emt 0:00:30]} f6 {[%emt 0:00:30]} 34. g4 {[%emt 0:00:30]} Be6 {[%emt 0:00:30]} 35. Nf3 {[%emt 0:00:30]} Bxg4 {[%emt 0:00:30]} 36. Rc2 {[%emt 0:00:30]} Qd3 {[%emt 0:00:30]} 37. Rac1 {[%emt 0:00:30]} Bxf3 {[%emt 0:00:30]} 38. gxf3 {[%emt 0:00:30]} Qf5 {[%emt 0:00:30]} 39. f4 {[%emt 0:00:30]} Qg4+ {[%emt 0:00:30]} 40. Kf1 {[%emt 0:00:30]} Qf3 {[%emt 0:00:30]} 41. Kg1 {[%emt 0:00:30]} Kg7 {[%emt 0:00:30]} 42. Rxc3 {[%emt 0:00:30]} Rxa2 {[%emt 0:00:30]} 43. R3c2 {[%emt 0:00:30]} h5 {[%emt 0:00:30]} 44. Qf1 {[%emt 0:00:30]} Qg4+ {[%emt 0:00:30]} 45. Qg2 {[%emt 0:00:30]} 0-1

[Event "Eurasia Open Cup 2019"]
[Site "Ekaterinburg"]
[Date "2019.07.31"]
[Round "1.17"]
[White "Gleizerov, Evgeny"]
[Black "Kozlov, Denis"]
[Result "1-0"]
[WhiteElo "2498"]
[BlackElo "2013"]
[Annotator "ChessBase"]
[PlyCount "41"]
[EventDate "2019.07.31"]
[EventType "swiss"]
[EventCountry "RUS"]
[SourceTitle "playchess.com"]
[Source "ChessBase"]
[SourceQuality "1"]
[TimeControl "5400+30"]

1. d4 {[%emt 0:22:34]} Nf6 {[%emt 0:39:14]} 2. c4 {[%emt 0:06:22]} e6 {[%emt 0:07:23]} 3. g3 {[%emt 0:02:08]} b6 {[%emt 0:18:22]} 4. Bg2 {[%emt 0:10:05]} d5 {[%emt 0:03:24]} 5. Nf3 {[%emt 0:00:39]} Be7 {[%emt 0:03:23]} 6. O-O {[%emt 0:05:03]} O-O {[%emt 0:00:05]} 7. cxd5 {[%emt 0:02:54]} exd5 {[%emt 0:02:34]} 8. Nc3 {[%emt 0:02:45]} Bb7 {[%emt 0:04:41]} 9. Qc2 {[%emt 0:03:31]} Na6 {[%emt 0:03:02]} 10. Bf4 {[%emt 0:38:59]} c5 {[%emt 0:12:52]} 11. Rad1 {[%emt 0:00:30]} Qe8 {[%emt 0:00:30]} 12. Be5 {[%emt 0:00:30]} Rc8 {[%emt 0:00:30]} 13. dxc5 {[%emt 0:00:30]} Nxc5 {[%emt 0:00:30]} 14. Bh3 {[%emt 0:00:30]} Rd8 {[%emt 0:00:30]} 15. Nd4 {[%emt 0:00:30]} Nfe4 {[%emt 0:00:30]} 16. Ncb5 {[%emt 0:00:30]} Bf6 {[%emt 0:00:30]} 17. Bxf6 {[%emt 0:00:30]} Nxf6 {[%emt 0:00:30]} 18. b4 {[%emt 0:00:30]} Nce4 {[%emt 0:00:30]} 19. Nxa7 {[%emt 0:00:30]} Nd6 {[%emt 0:00:30]} 20. Qc7 {[%emt 0:00:30]} Nfe4 {[%emt 0:00:30]} 21. Nac6 {[%emt 0:00:30]} 1-0